Geografía - atlas : 2º grado

Gespeichert in:
Bibliographische Detailangaben
Körperschaft: F. T. D.
Format: Karte Buch
Sprache:Spanisch
Erschienen: Barcelona : Librería Católica, 1921
Ausgabe:9ª ed. reform.
Katalog:MANES:  Suchergebnis im Bibliothekskatalog
Schulbuchspezifische Eigenschaften:
Tags: Tag hinzufügen
Keine Tags, Fügen Sie den ersten Tag hinzu!
Hinzugefügt zu:09.02.2019
Geändert in:07.05.2025

MARC

LEADER 00000cem a2200000 4500
005 20250507134454.0
008 190210S1921 espab pe 000 0 spa0d
040 |a uned  |b spa  |c entro-manes 
110 2 |a F. T. D.   |9 21531 
245 1 0 |a Geografía - atlas :   |b 2º grado /   |c por F. T. D. 
250 |a 9ª ed. reform. 
260 |a Barcelona :   |b Librería Católica,   |c 1921 
300 |a 72 p. :  |b il., mapas 
546 |a España 
561 |5 es-BUNED  |3 L.T. 1697  |a España. Fondo Manes UNED  |k MANES 
690 0 |a GEO 
942 |2 ddc  |c BK 
999 |c 95232  |d 95232 
999 |c manes:95232  |d 95232